000 01272aab a2200193 i 4500
001 768714001
003 CO-MdFUSB
005 20250304120353.0
008 170812s1988 cr ||||| |||| 00| 0 spa d
040 _aCO-MdFUSB
_bspa
_cCO-MdFUSB
_dCO-MdFUSB
041 _aspa
245 1 0 _aVictoria sobre el poder de las tinieblas :
_bentrevista con Mahesh Chavda
300 _aVolumen 1. Número 4 (1988), páginas 80-83
_c: 28 cm.
520 _aMahesh Chavda es un ministro cristiano con 14 años de experiencia, quien ha visto muchos milagros, incluidos sanaciones y resurrecciones. Nació en Kenia en una familia hindú y se convirtió al cristianismo a los 16 años tras una visión de Jesús. Chavda afirma que el ayuno y la oración son herramientas poderosas para enfrentar desafíos espirituales, como la posesión demoníaca y enfermedades graves. Relata cómo liberó a un joven de un espíritu maligno tras ayunar 14 días. Recomienda a quienes desean ayunar empezar con períodos más cortos y consultar a un médico. Chavda invita a los cristianos a orar y ayunar por su ministerio.
653 _aDisciplinas espirituales
773 0 _tConquista Cristiana
_049446
_960348
_gVolumen 1. Número 4 (1988), páginas 80-83
_qPágina 80
942 _cANA
945 _aJTF-925
999 _c50369
_d50369